000 00936nam a2200229 i 4500
001 19194
003 ES-MaACL
005 20251005063031.0
007 t|
008 020612s2001 sp ||||1| spa d
020 _a84-607-2314-3
080 _a355.48(65 A.)"17"
100 0 _aFernán Núñez, Carlos Gutiérrez de los Ríos,
_cConde de,
_d1742-1795
_949317
245 1 3 _aLa expedición militar española contra Argel de 1775
_b: (según el Diario de un testigo ocular) /
_c[edición], Juan Antonio López Delgado.
260 _aMurcia :
_bJ.A. López,
_c2001 (
_eMurcia :
_fGráf. Ibáñez)
300 _a306 p. (algunas pleg.) :
_bplanos ;
_c24 cm.
500 _aIncluye (p. 39-234) reprod. del ms.: Diario de la expedición contra Argel.
651 4 _aArgel-
_xHistoria militar-
_yS.XVIII.
_97797
700 1 _aLópez Delgado, Juan Antonio.
_973607
852 _aES-MaACL
_jL-25628
_bR.130837
999 _c19194
_d19194